MARC

Tag First Indicator Second Indicator Subfields
LEADER 00000cam a22000005i 4500
001 in00004351613
005 20210125091338.0
006 m o d
007 cr nn 008mam|a
008 120822t1961 gw fo || 0 0 |||||
020 |a 9781600864797 
035 |a (The American Institute of Aer0 
040 |d UtOrBLW 
245 0 0 |a Electrostatic Propulsion /  |c Edited by David B. Langmuir, Ernst Stuhlinger, Jr. J. M. Sellen. 
264 1 |a New York :  |b American Institute of Aeronautics and Astronautics,  |c 1961. 
300 |a 1 online resource. 
336 |a text  |b txt  |2 rdacontent 
337 |a computer  |b c  |2 rdamedia 
338 |a online resource  |b cr  |2 rdacarrier 
490 1 |a Progress in Astronautics and Aeronautics 
500 |a Electronic resource. 
653 |a Propulsion and Energy 
655 7 |a Electronic books.  |2 local 
700 1 |a Langmuir, David B.  |0 http://id.loc.gov/authorities/names/n83828998 
700 1 |a Stuhlinger, Ernst. 
700 1 |a Sellen, Jr. J. M. 
830 0 |a Progress in astronautics and aeronautics.  |0 http://id.loc.gov/authorities/names/n42019858 
856 4 0 |u http://proxy.library.tamu.edu/login?url=https://doi.org/10.2514/4.864797  |z Connect to the full text of this electronic book  |t 0 
955 |a AIAA eBooks 
999 f f |s 5c3dcce8-f6dd-375d-8471-9860921a9b5e  |i 762f8488-f963-3c56-965d-853065367c27  |t 0 
952 f f |a Texas A&M University  |b College Station  |c Electronic Resources  |d Available Online  |t 0  |h No information provided 
998 f f |t 0  |l Available Online